Skip to main content
Your cart is empty.
Your lists
Log in to create your own lists
Your cookies
العربية
English
العربية
Home
Search
Advanced search
Authority search
About
The noble scholar, jurist, historian
His Excellency Dr. Abdul Wahhab bin Ibrahim Abu Sulaiman, may Allah have mercy on him.
He was born in Umm Al-Qura in the year 1356 AH.
Library catalog
Title
Author
Subject
ISBN
ISSN
Series
Call number
Log in to your account
×
Login:
Password:
Home
MARC view: الانتصار في الرد على المعتزلة القدرية الأشرار /
Normal view
MARC view
ISBD view
الانتصار في الرد على المعتزلة القدرية الأشرار / (Record no. 5468)
[
view plain
]
MARC details
000 -LEADER
fixed length control field
01902cam a22003491i 4500
003 - CONTROL NUMBER IDENTIFIER
control field
SA-RiAUC
005 - DATE AND TIME OF LATEST TRANSACTION
control field
20250201054451.0
008 - FIXED-LENGTH DATA ELEMENTS--GENERAL INFORMATION
fixed length control field
250130s2008 su g b f000 0 ara c
020 ## - INTERNATIONAL STANDARD BOOK NUMBER
International Standard Book Number
9786030205851
040 ## - CATALOGING SOURCE
Original cataloging agency
MA-HhKAF
Language of cataloging
ara
Transcribing agency
SA-RiAUC.
Description conventions
rda
082 04 - DEWEY DECIMAL CLASSIFICATION NUMBER
Classification number
246
Assigning agency
SA-RiAUC
090 ## - LOCALLY ASSIGNED LC-TYPE CALL NUMBER (OCLC); LOCAL CALL NUMBER (RLIN)
Classification number (OCLC) (R) ; Classification number, CALL (RLIN) (NR)
246
Local cutter number (OCLC) ; Book number/undivided call number, CALL (RLIN)
ع م ر
100 1# - MAIN ENTRY--PERSONAL NAME
Personal name
العمراني، يحيى بن سالم بن أسعد،
Dates associated with a name
489-558 هجري
Relator term
مؤلف.
245 12 - TITLE STATEMENT
Title
الانتصار في الرد على المعتزلة القدرية الأشرار /
Statement of responsibility, etc.
يحيى بن أبو الخير العمراني ؛ دراسة وتحقيق سعود عبد العزيز الخلف ؛ تقديم محمد بن علي العقلا
246 30 - VARYING FORM OF TITLE
Title proper/short title
الرد على المعتزلة القدرية الأشرار
250 ## - EDITION STATEMENT
Edition statement
الطبعة الثالثة.
264 #1 - PRODUCTION, PUBLICATION, DISTRIBUTION, MANUFACTURE, AND COPYRIGHT NOTICE
Place of production, publication, distribution, manufacture
المدينة المنورة :
Name of producer, publisher, distributor, manufacturer
الجامعة الإسلامية،
Date of production, publication, distribution, manufacture, or copyright notice
2008
300 ## - PHYSICAL DESCRIPTION
Extent
3 مجلد (963 صفحة) ؛
Dimensions
24 سم.
336 ## - CONTENT TYPE
Content type term
نص
Content type code
txt
Source
rdacontent
Materials specified
كتاب
337 ## - MEDIA TYPE
Media type term
بدون وسيط
Media type code
n
Source
rdamedia
338 ## - CARRIER TYPE
Carrier type term
مجلد
Carrier type code
nc
Source
rdacarrier
490 0# - SERIES STATEMENT
Series statement
إصدارات عمادة البحث العلمي بالجامعة الإسلامية ؛
Volume/sequential designation
27
504 ## - BIBLIOGRAPHY, ETC. NOTE
Bibliography, etc. note
ببليوجرافية : صفحة 947-963.
650 #7 - SUBJECT ADDED ENTRY--TOPICAL TERM
Topical term or geographic name entry element
المعتزلة (فرقة إسلامية)
Source of heading or term
aucsh
650 #7 - SUBJECT ADDED ENTRY--TOPICAL TERM
Topical term or geographic name entry element
القدرية (فرقة إسلامية)
Source of heading or term
aucsh
650 #7 - SUBJECT ADDED ENTRY--TOPICAL TERM
Topical term or geographic name entry element
الإسلام
General subdivision
دفع مطاعن
Source of heading or term
aucsh
700 12 - ADDED ENTRY--PERSONAL NAME
Relationship information
تحقق لـ (عمل) :
Personal name
العمراني، يحيى بن سالم بن أسعد،
Dates associated with a name
489-558 هجري
Title of a work
الانتصار في الرد على المعتزلة القدرية الأشرار
700 1# - ADDED ENTRY--PERSONAL NAME
Personal name
الخلف، سعود بن عبد العزيز خلف،
Dates associated with a name
1378 هجري-
Relator term
محقق.
700 1# - ADDED ENTRY--PERSONAL NAME
Personal name
العقلا، محمد بن علي بن فراج،
Dates associated with a name
1378 هجري-
Relator term
مقدم.
942 ## - ADDED ENTRY ELEMENTS (KOHA)
Source of classification or shelving scheme
Dewey Decimal Classification
Koha item type
Books
Suppress in OPAC
No
949 ## - LOCAL PROCESSING INFORMATION (OCLC)
a
SA-JeALM
d
250130
u
osman123
n
1
Holdings
Withdrawn status
Lost status
Source of classification or shelving scheme
Materials specified (bound volume or other part)
Damaged status
Not for loan
Home library
Current library
Date acquired
Total checkouts
Full call number
Barcode
Date last seen
Price effective from
Koha item type
Dewey Decimal Classification
الجزء الأول
DR AbdElwahab Library
DR AbdElwahab Library
02/01/2025
246 ع م ر
000008874
02/01/2025
02/01/2025
Books
Dewey Decimal Classification
الجزء الثاني
DR AbdElwahab Library
DR AbdElwahab Library
02/01/2025
246 ع م ر
000008875
02/01/2025
02/01/2025
Books
Dewey Decimal Classification
الجزء الثالث
DR AbdElwahab Library
DR AbdElwahab Library
02/01/2025
246 ع م ر
000008876
02/01/2025
02/01/2025
Books
Place hold
Print
Add to your cart
(remove)
Save record
BIBTEX
Dublin Core
MARCXML
MARC (non-Unicode/MARC-8)
MARC (Unicode/UTF-8)
MARC (Unicode/UTF-8, Standard)
MODS (XML)
RIS
ISBD
More searches
Search for this title in:
Other Libraries (WorldCat)
Other Databases (Google Scholar)
Online Stores (Bookfinder.com)
Open Library (openlibrary.org)
Exporting to Dublin Core...
×
Simple DC-RDF
OAI-DC
SRW-DC